[Event "Femida"]
[Site "Kharkov UKR"]
[Date "2003.10.07"]
[Round "2"]
[White "Gagloshvili,R"]
[Black "Dvoretska,O"]
[Result "1/2-1/2"]
[WhiteElo "2218"]
[BlackElo "2212"]

1.d4 Nf6 2.Bg5 Ne4 3.h4 d5 4.Nd2 Nd6 5.e3 b5 6.c3 c6 7.Bd3 Bf5 8.Bxf5 Nxf5
9.Ngf3 h6 10.Bf4 e6 11.h5 Bd6 12.Bxd6 Nxd6 13.Qc2 Nd7 14.e4 dxe4 15.Nxe4 Nxe4
16.Qxe4 Qc7 17.Kf1 Nf6 18.Qe2 Rd8 19.Ne5 O-O 20.b4 a5 21.Rh4 axb4 22.cxb4 Qb6
23.Qb2 Rd6 24.Rc1 Rfd8 25.Nf3 Rd5 26.Qc2 R8d6 27.a3 Rxh5 28.Rxh5 Nxh5 29.Qc5 Qxc5
30.dxc5 Rd5 31.a4 bxa4 32.Ra1 Nf4 33.g3 Nd3 34.Rxa4 g5 35.Ne1 Nxe1 36.Kxe1 Rd8
37.Ra6 Rc8 38.Kd2 Kg7 39.Kc3 Kf6 40.Kc4 h5 41.b5 cxb5+ 42.Kxb5 h4 43.gxh4 gxh4
44.c6 h3 45.Ra1 Kg5 46.Kb6 Kg4 47.Kb7 Rh8 48.c7 h2 49.c8=Q Rxc8 50.Kxc8 Kf3
51.Kd7 Kxf2 52.Ke7 Kg2 53.Kxf7  1/2-1/2

[Event "Arctic Cup u16"]
[Site "Salekhard RUS"]
[Date "2003.10.08"]
[Round "5"]
[White "Makarov,L"]
[Black "Michielsen,J"]
[Result "1-0"]
[WhiteElo "2036"]
[BlackElo "2218"]

1.d4 Nf6 2.Bg5 Ne4 3.Bf4 c5 4.d5 e6 5.f3 Qa5+ 6.c3 Nf6 7.dxe6 fxe6 8.e4 d5
9.exd5 exd5 10.Bd3 c4 11.b4 Qd8 12.Bc2 a5 13.b5 Bc5 14.Ne2 O-O 15.Qd2 Re8
16.Kd1 Ng4 17.Nd4 Ne5 18.a4 Nbd7 19.Re1 g6 20.Bg5 Be7 21.Bxe7 Rxe7 22.Qg5 h6
23.Qxh6 Rh7 24.Qf4 Rf7 25.Qg3 Qf6 26.Nd2 Kh7 27.h4 Kh6 28.Nf1 Nd3 29.Re6 Qg7
30.h5 Nf6 31.hxg6 Qxg6 32.Qxg6+ Kxg6 33.Bxd3+ cxd3 34.Re5 Ne4 35.Rc1 Bd7
36.Rxd5 Rh8 37.fxe4 Rxf1+ 38.Kd2 Rf2+ 39.Kxd3 Bg4 40.Rd6+ Kg5 41.Rb6 Bc8
42.e5 Rxg2 43.e6 Rg3+ 44.Kc4 Re3 45.Kd5 Kf6 46.Rf1+  1-0

[Event "2nd It"]
[Site "Klaksvik FAI"]
[Date "2003.10.09"]
[Round "5"]
[White "Berg,K"]
[Black "Eriksson,Joh"]
[Result "1/2-1/2"]
[WhiteElo "2434"]
[BlackElo "2414"]

1.d4 Nf6 2.Bg5 Ne4 3.Bf4 c5 4.f3 Qa5+ 5.c3 Nf6 6.d5 e6 7.e4 Qb6 8.b3 exd5
9.exd5 Bd6 10.Bg5 Be7 11.d6 Qxd6 12.Qxd6 Bxd6 13.Bxf6 gxf6 14.Na3 Nc6 15.O-O-O Be5
16.Ne2 a6 17.Nc4 b5 18.Nb6 Rb8 19.Nxc8 Rxc8 20.g3 b4 21.Bh3 Rc7 22.cxb4 cxb4
23.Kb1 O-O 24.Rxd7 Rxd7 25.Bxd7 Nd4 26.Nxd4 Bxd4 27.Rd1 Bc3 28.Kc2 Rd8 29.a4 a5
30.Rd5 Kf8 31.Kd3 Ke7 32.Bc6 Rxd5+ 33.Bxd5 Be5 34.Ke4 Bc7 35.Kf5 Bb6 36.Kg4 Kf8
37.Be4 h6 38.Bd5 Bg1 39.h3 Bf2 40.Bc4 Be1 41.Kf4 Ke7 42.g4 Bf2 43.Ke4 Bb6
44.Kd5 Bd8 45.Kc6 Ke8 46.f4 Ke7 47.f5 Ke8 48.h4 Ke7 49.Bb5 Kf8 50.Kd7 Bb6
51.Bc4 Bc5 52.Bd5 Bb6 53.Kc6 Bd8 54.Kd7 Bb6 55.Kc6 Bd8 56.Kd7  1/2-1/2

[Event "EuTCh"]
[Site "Plovdiv BUL"]
[Date "2003.10.13"]
[Round "3"]
[White "Gustafsson,J"]
[Black "Avrukh,B"]
[Result "1/2-1/2"]
[WhiteElo "2571"]
[BlackElo "2609"]

1.d4 Nf6 2.Bg5 Ne4 3.Bf4 d5 4.e3 c5 5.Bd3 Nf6 6.dxc5 Nc6 7.Bb5 e6 8.b4 a5
9.c3 Bd7 10.a4 axb4 11.Bxc6 Bxc6 12.cxb4 b6 13.Nd2 bxc5 14.b5 Bb7 15.Ngf3 c4
16.O-O Bb4 17.Qc2 O-O 18.Rfb1 Ba5 19.h3 Re8 20.Rd1 Qe7 21.Be5 Nd7 22.Bd4 Rec8
23.Bc3 Nc5 24.Nb1 Nd3 25.Ne1 Bxc3 26.Nxc3 Qg5 27.f4 Nxe1 28.Rxe1 Qd8 29.Qd2 f6
30.Red1 Qa5 31.Rac1 Rd8 32.Qf2 Qb6 33.Rc2 Rd7 34.Rcd2 Qa5 35.Rc2 Qb6 36.Rcd2 Qa5
37.Rc1 Qb6 38.Kh1 h6 39.Qg3 Kh8 40.Rcd1 Qa5 41.e4 Rad8 42.f5 exf5 43.exd5 f4
44.Qf3 Re7 45.Ne2 c3 46.Qxc3 Qxa4 47.Nd4 Rxd5 48.Ra1 Rc5 49.Qb2 Qc4 50.Rc2 Qd5
51.Rxc5 Qxc5 52.Rc1 Qe5 53.Qf2 Rd7 54.Rc4 Qe4 55.Kh2 Qe5 56.Kg1 Qe4 57.Kh2 Qe5
58.Kg1 Qe4  1/2-1/2

[Event "EuTCh"]
[Site "Plovdiv BUL"]
[Date "2003.10.17"]
[Round "6"]
[White "Gustafsson,J"]
[Black "Eljanov,P"]
[Result "1/2-1/2"]
[WhiteElo "2571"]
[BlackElo "2597"]

1.d4 Nf6 2.Bg5 Ne4 3.Bf4 c5 4.f3 Qa5+ 5.c3 Nf6 6.d5 Qb6 7.Bc1 e6 8.c4 exd5
9.cxd5 Bd6 10.e4 Be5 11.Nd2 Qa5 12.Ne2 c4 13.Nc3 b5 14.a4 Ba6 15.Rb1 bxa4
16.Ra1 Qc7 17.g3 O-O 18.Rxa4 d6 19.Nxc4 Bxc4 20.Rxc4 Qb7 21.Na4 Nfd7 22.Qc2 Na6
23.f4 Bf6 24.Be2 Nb6 25.Nxb6 Qxb6 26.Kf1 Nb4 27.Qa4 Rfc8 28.Rxb4 Rxc1+ 29.Kg2 Qe3
30.Rxc1 Qxe2+ 31.Kh3 Qh5+ 32.Kg2 Qe2+ 33.Kh3 Qh5+  1/2-1/2

[Event "EuTCh"]
[Site "Plovdiv BUL"]
[Date "2003.10.17"]
[Round "6"]
[White "Karttunen,M"]
[Black "Weiss,C"]
[Result "1-0"]
[WhiteElo "2379"]
[BlackElo "2402"]

1.d4 Nf6 2.Bg5 Ne4 3.Bf4 d5 4.e3 e6 5.Bd3 Nf6 6.Nf3 c5 7.O-O Nc6 8.Nbd2 Bd6
9.dxc5 Bxc5 10.c4 a6 11.Rc1 Bd6 12.Bg5 Be7 13.Qb3 O-O 14.Rfd1 h6 15.Bh4 Qa5
16.a3 Rd8 17.h3 Bd7 18.Bg3 Ra7 19.Qc2 Rc8 20.cxd5 exd5 21.Bf5 Bxf5 22.Qxf5 Raa8
23.Ne5 Qb5 24.Rc2 Re8 25.Ndf3 Bf8 26.Nxc6 bxc6 27.Nd4 Qa4 28.Bh4 Ne4 29.b3 Qxa3
30.Rxc6 Bc5 31.Rc7 Rf8 32.Nf3 Nc3 33.Re1 Ra7 34.Rc6 Bb4 35.Qg4 Ne4 36.Rec1 Bc3
37.R1xc3 Nxc3 38.Bf6 Ne2+ 39.Kh2 g6 40.Ne5 Kh7 41.Qxe2 Qxb3 42.Qg4 Qb1 43.Rc8 Ra8
44.Rxa8 Rxa8 45.Qd7  1-0

[Event "21st Muensterland Open"]
[Site "Senden GER"]
[Date "2003.10.18"]
[Round "3"]
[White "Kartsev,S"]
[Black "Holzke,F"]
[Result "1/2-1/2"]
[WhiteElo "2208"]
[BlackElo "2471"]

1.d4 Nf6 2.Bg5 Ne4 3.Bf4 c5 4.f3 Qa5+ 5.c3 Nf6 6.Nd2 cxd4 7.Nb3 Qb6 8.Qxd4 Nc6
9.Qxb6 axb6 10.e4 d5 11.Be3 dxe4 12.Bxb6 e5 13.Bb5 Be6 14.Nd2 Nd5 15.Nc4 Nxb6
16.Nxb6 Rxa2 17.Rxa2 Bxa2 18.fxe4 Bb1 19.Nf3 Bxe4 20.Nc4 Bc5 21.b4 Be7 22.Ke2 O-O
23.Rd1 Rc8 24.Rd7 Kf8 25.Nb6 Rb8 26.Ke3 Bf5 27.Rd5 Rd8 28.Bxc6 bxc6 29.Rxe5  1/2-1/2

[Event "EuTCh w"]
[Site "Plovdiv BUL"]
[Date "2003.10.19"]
[Round "8"]
[White "Puuska,H"]
[Black "Schuurman,P"]
[Result "0-1"]
[WhiteElo "2012"]
[BlackElo "2263"]

1.d4 Nf6 2.Bg5 Ne4 3.Bf4 c5 4.f3 Nf6 5.dxc5 Na6 6.e4 Nxc5 7.e5 Ng8 8.Nc3 g6
9.Bc4 Bg7 10.Nh3 Nh6 11.Qd2 Nf5 12.g4 Nh4 13.Qf2 h5 14.Qxc5 Nxf3+ 15.Ke2 d6
16.Qd5 Be6 17.Bb5+ Kf8 18.Qxb7 Rb8 19.Qe4 Bxg4 20.Kf2 Nxe5 21.Ng5 Bf5 22.Qd5 e6
23.Qd2 Ng4+ 24.Kf1 e5 25.Qd5 Qf6 26.Nxf7 Ne3+ 27.Bxe3 Be4+ 28.Kg1 Bxd5 29.Nxd5 Qe6
30.c4 Qg4+ 31.Kf2 Kxf7 32.Rhg1 Qh4+ 33.Kg2 Qe4+ 34.Kf2 Rxb5 35.cxb5 Qxd5
36.Rad1 Qxa2 37.Rxd6 Qxb2+ 38.Kf3 e4+  0-1

[Event "300 Years"]
[Site "St Petersburg RUS"]
[Date "2003.10.23"]
[Round "6"]
[White "Chepukaitis,G"]
[Black "Andreeva,N"]
[Result "1-0"]
[WhiteElo "2428"]
[BlackElo "2285"]

1.d4 Nf6 2.Bg5 Ne4 3.Bh4 g5 4.f3 gxh4 5.fxe4 d5 6.exd5 Qxd5 7.Nc3 Qa5 8.e3 Nc6
9.Bb5 Bd7 10.a3 Rg8 11.b4 Nxb4 12.Bxd7+ Kxd7 13.axb4 Qxb4 14.Qd3 Rxg2 15.Rb1 Qa5
16.Nf3 e6 17.Kf1 h3 18.Ne5+ Ke8 19.Ne4 f5 20.Nf2 Qd5 21.e4 fxe4 22.Nxe4 Bg7
23.Qxh3 Rxc2 24.Qh5+ Kd8 25.Qg5+ Kc8 26.Qxg7 b6 27.Qxh7 Qxd4 28.Nd6+ Qxd6
29.Qxc2 Qxe5 30.Qc6 Qf4+ 31.Ke2 Qg4+ 32.Kd3 Qh3+ 33.Kd2 Qh6+ 34.Kc2 Rb8 35.Rb3 Qg6+
36.Kb2 b5 37.Rc1 Qg7+ 38.Rbc3 Rb6 39.Qxc7+ Qxc7 40.Rxc7+  1-0

[Event "WYb18"]
[Site "Halkidiki GRE"]
[Date "2003.10.24"]
[Round "2"]
[White "Buckley,Si"]
[Black "Lafuente,P"]
[Result "1/2-1/2"]
[WhiteElo "2291"]
[BlackElo "2424"]

1.d4 Nf6 2.Bg5 Ne4 3.Bf4 c5 4.f3 Qa5+ 5.c3 Nf6 6.Nd2 cxd4 7.Nb3 Qb6 8.Qxd4 Qxd4
9.cxd4 d5 10.Rc1 Nc6 11.e3 e6 12.g4 Bb4+ 13.Kf2 Ke7 14.Bb5 Bd7 15.a3 Bd6
16.Bxd6+ Kxd6 17.Nc5 Rab8 18.Bxc6 Bxc6 19.Nh3 b6 20.Nd3 Rhc8 21.Ne5  1/2-1/2

[Event "After Holidays IM"]
[Site "Tel Aviv ISR"]
[Date "2003.10.24"]
[Round "6"]
[White "Deutsch,E"]
[Black "Reznik,Vi"]
[Result "1/2-1/2"]
[WhiteElo "2316"]
[BlackElo "2296"]

1.d4 Nf6 2.Bg5 Ne4 3.Bf4 d6 4.f3 Nf6 5.e4 g6 6.Qd2 Bg7 7.Nc3 O-O 8.Nge2 Nbd7
9.Bh6 c6 10.h4 e5 11.Bxg7 Kxg7 12.O-O-O h5 13.Kb1 Qe7 14.Ng3 b5 15.Qg5 Kh7
16.Rd2  1/2-1/2

[Event "CCAS Open"]
[Site "Cap d'Agde FRA"]
[Date "2003.10.25"]
[Round "3"]
[White "Claverie,C"]
[Black "Bagheri,A"]
[Result "1/2-1/2"]
[WhiteElo "2292"]
[BlackElo "2541"]

1.d4 Nf6 2.Bg5 Ne4 3.Bf4 c5 4.dxc5 e6 5.Nd2 Nxc5 6.Ngf3 Nc6 7.e3 Be7 8.c3 d5
9.Nb3 Ne4 10.Nfd2 e5 11.Bg3 Nxg3 12.hxg3 Bf5 13.Be2 Qd7 14.Bf3 Be6 15.Qc2 f5
16.Bh5+ Kf8 17.f4 Rc8 18.fxe5 Nxe5 19.Nd4 g6 20.N2f3 Bf6 21.Nxe6+ Qxe6 22.Nd4 Qd6
23.O-O-O Kg7 24.Qxf5 Rxc3+ 25.Kb1 Rc6 26.Qf4 Rb6 27.b3 Nc4 28.Qxd6 Nxd6 29.Bf3 Re8
30.Bxd5 Rxe3 31.Ne6+ Kh8 32.Nf8 Kg7 33.Ne6+ Kh8 34.Nf8 h5 35.Nxg6+ Kg7 36.Nf4 Nb5
37.Nxh5+ Kg6 38.Nf4+ Kf5 39.Rh5+ Kg4 40.Rf1 Na3+ 41.Kc1 Rc3+ 42.Kd1 Rxg3
43.Be6+ Rxe6 44.Nxe6 Kxh5 45.Rxf6 Nb1 46.Kc2 Nc3 47.Rf3 Rxf3 48.gxf3 Nxa2
49.Nf4+ Kg5 50.Nd3 a5 51.Kb2 Nb4 52.Nxb4 axb4 53.Kc2 Kf4 54.Kd3 Kxf3 55.Kc4 Ke4
56.Kxb4 Kd4 57.Kb5  1/2-1/2

[Event "WYb18"]
[Site "Halkidiki GRE"]
[Date "2003.10.25"]
[Round "3"]
[White "Smeets,J"]
[Black "Alcazar Jimenez,V"]
[Result "1/2-1/2"]
[WhiteElo "2511"]
[BlackElo "2363"]

1.d4 Nf6 2.Bg5 Ne4 3.Bf4 c5 4.f3 Qa5+ 5.c3 Nf6 6.Nd2 cxd4 7.Nb3 Qb6 8.Qxd4 Nc6
9.Qxb6 axb6 10.Be3 d5 11.Bxb6 e5 12.Bf2 d4 13.e4 Be6 14.Nc1 dxc3 15.bxc3 Ba3
16.Nd3 O-O 17.Ne2 Rfd8 18.Nec1 Bxc1 19.Nxc1 Ra3 20.Bb6 Rd7 21.Bb5 Rxc3 22.O-O Rd2
23.Nb3 Bxb3 24.axb3 g6 25.Bxc6 Rxc6 26.Be3 Rb2 27.Bh6 Rc8 28.Rfc1 Rb8 29.Rc3 Rd8
30.h4 Nh5 31.Rd3 Rc8 32.Rad1 f5 33.exf5 gxf5 34.R1d2 Rxd2 35.Bxd2 Nf6 36.Bg5 Rc6
37.Bxf6 Rxf6 38.Rd8+ Rf8 39.Rxf8+ Kxf8 40.Kf2 h5 41.g4 hxg4 42.fxg4 f4 43.Kf3 Kg7
44.g5 Kg6 45.Kg4 b5 46.h5+  1/2-1/2

[Event "300 Years"]
[Site "St Petersburg RUS"]
[Date "2003.10.25"]
[Round "8"]
[White "Shpagin,V"]
[Black "Kopasov,E"]
[Result "0-1"]
[WhiteElo "1994"]
[BlackElo "2221"]

1.d4 Nf6 2.Bg5 Ne4 3.Bf4 c5 4.f3 Nf6 5.d5 Qb6 6.Be5 d6 7.Bc3 e6 8.e4 Be7
9.Bc4 Qc7 10.Ne2 a6 11.a4 O-O 12.O-O exd5 13.exd5 Nbd7 14.a5 b5 15.axb6 Nxb6
16.Na3 Na4 17.Bb3 Nxc3 18.Nxc3 Bf5 19.Nc4 Rfe8 20.Ba4 Bd7 21.Bxd7 Nxd7 22.Ne4 f5
23.Ng3 g6 24.Ne2 Bf6 25.Nf4 Ne5 26.Na5 c4 27.Ra2 Qb6+ 28.Kh1 Rec8 29.Ne6 Qb5
30.f4 Ng4 31.Rf3 Bxb2 32.c3 Nf6 33.Qc2 Qxd5 34.Nd4 Bxc3 35.Qxc3 Ne4 36.Qa1 c3
37.Nc2 Rab8 38.Rf1 Rb2 39.Ne3 Qd2  0-1

[Event "WYb18"]
[Site "Halkidiki GRE"]
[Date "2003.10.29"]
[Round "7"]
[White "Pixton,A"]
[Black "Popovics,A"]
[Result "1/2-1/2"]
[WhiteElo "2445"]
[BlackElo "2431"]

1.d4 Nf6 2.Bg5 Ne4 3.Bf4 c5 4.f3 Qa5+ 5.c3 Nf6 6.d5 d6 7.e4 g6 8.Qd2 Bg7
9.c4 Qxd2+ 10.Bxd2 Nxe4 11.fxe4 Bxb2 12.Bc3 Bxa1 13.Bxa1 O-O 14.Nf3 a6 15.Nc3 b5
16.cxb5 axb5 17.Bxb5 Ba6 18.Bxa6 Nxa6 19.Ke2 Rfb8 20.Nd2 Nc7 21.Kd3 Rb4 22.Nc4 Rbb8
23.g4 f6 24.Bb2 Kf7 25.a3 Ke8 26.Bc1 Kd7 27.Bd2 Rb7 28.Rf1 g5 29.Rf3 h5 30.gxh5 Rh8
31.h4 Rxh5 32.hxg5 fxg5 33.Rg3 e6 34.Rxg5 Rxg5 35.Bxg5 exd5 36.exd5 Nb5 37.Nxb5 Rxb5
38.Kc2 Rb8 39.Bf4 Rh8 40.Bxd6 Rh4 41.Kb3 Rd4 42.Bxc5 Rxd5 43.Kb4 Kc7 44.Kb5 Rd1
45.a4 Rb1+ 46.Bb4 Rh1 47.a5 Rh5+ 48.Bc5 Kb8 49.a6 Rh1 50.Nb6 Rb1+ 51.Bb4 Ka7
52.Nc8+ Kb8 53.Ne7 Ka7 54.Nd5 Rb2 55.Nc7 Rxb4+ 56.Kxb4  1/2-1/2

[Event "LXVIII ch-ESP Abierto"]
[Site "Burgos ESP"]
[Date "2003.10.30"]
[Round "7"]
[White "Argandona Rivero,I"]
[Black "Diaz Rodriguez,J"]
[Result "1-0"]
[WhiteElo "2344"]
[BlackElo "2106"]

1.d4 Nf6 2.Bg5 Ne4 3.Bf4 d5 4.f3 Nd6 5.Nc3 e6 6.e4 c6 7.Qd2 Be7 8.Bd3 Nd7
9.Nge2 Nc4 10.Bxc4 dxc4 11.d5 exd5 12.exd5 O-O 13.dxc6 bxc6 14.O-O-O Qa5
15.Bd6 Bxd6 16.Qxd6 Ne5 17.f4 Ng4 18.Qxc6 Be6 19.Rd6 Rab8 20.a3 Rb6 21.Qc7 Ne3
22.Rd8 Ra6 23.Rxf8+ Kxf8 24.Qxa5 Rxa5 25.g3 Rh5 26.h4 h6 27.Nd4 Bd7 28.Re1 Nd5
29.Nxd5 Rxd5 30.c3 g5 31.hxg5 hxg5 32.Re5 Rxe5 33.fxe5 Ke7 34.Kd2 f6 35.exf6+ Kxf6
36.Ke3  1-0

[Event "LXVIII ch-ESP Abierto"]
[Site "Burgos ESP"]
[Date "2003.11.01"]
[Round "9"]
[White "Santos Santos,P"]
[Black "Garrido Dominguez,J"]
[Result "1/2-1/2"]
[WhiteElo "2305"]
[BlackElo "2191"]

1.d4 Nf6 2.Bg5 Ne4 3.Bf4 d5 4.e3 e6 5.Nd2 Nxd2 6.Qxd2 Bd6 7.Bxd6 cxd6 8.Nf3 Nd7
9.c4 O-O 10.Bd3 dxc4 11.Bxc4  1/2-1/2

[Event "ch-UKR"]
[Site "Simferopol UKR"]
[Date "2003.11.05"]
[Round "2"]
[White "Korobkov,P"]
[Black "Miroshnichenko,E"]
[Result "0-1"]
[WhiteElo "2404"]
[BlackElo "2571"]

1.d4 Nf6 2.Bg5 Ne4 3.Bf4 c5 4.f3 Nf6 5.dxc5 Na6 6.Nc3 Nxc5 7.e4 d6 8.e5 Ne6
9.Bg3 dxe5 10.Qxd8+ Nxd8 11.Bxe5 Nc6 12.Bxf6 gxf6 13.Nd5 Rb8 14.O-O-O Bh6+
15.f4 f5 16.g3 e6 17.Ne3 Ke7 18.Nf3 Rd8 19.Bg2 Rxd1+ 20.Rxd1 Bd7 21.Nd4 Nxd4
22.Rxd4 Bg7 23.Rd1 Rc8 24.c3 b6 25.Re1 Kd6 26.Bf3 b5 27.Rd1+ Ke7 28.Re1 Kf6
29.Rd1 Rc7 30.Kb1 Ke7 31.Re1 Kd6 32.Nc2 Bf6 33.Nb4 a5 34.Nd3 Be8 35.Re3 Ke7
36.a3 Bg7 37.h3 f6 38.g4 Bg6 39.gxf5 Bxf5 40.Be4 Bxe4 41.Rxe4 Rc4 42.Re2 f5
43.Kc2 a4 44.Re1 Bh6 45.Re5 Bxf4 46.Rxb5 Bd6 47.Rb7+ Kf6 48.Rxh7 e5 49.Rh6+ Ke7
50.Nb4 Bxb4 51.axb4 f4 52.b5 f3 53.b6 f2 54.b7 f1=Q 55.Rh7+ Ke6 56.Rh6+ Kd7
57.b8=Q Qf5+ 58.Kd2 Qf4+ 59.Kd3 e4+  0-1

[Event "TCh-CZE Extraliga 2003-4"]
[Site "Czech Rep CZE"]
[Date "2003.11.08"]
[Round "1"]
[White "Voloshin,L"]
[Black "Rasik,V"]
[Result "1/2-1/2"]
[WhiteElo "2503"]
[BlackElo "2461"]

1.d4 Nf6 2.Bg5 Ne4 3.Bf4 d5 4.e3 g6 5.Bd3 Bg7 6.c3 O-O 7.Bxe4 dxe4 8.Nd2 f5
9.f3 Nc6 10.fxe4 e5 11.dxe5 g5 12.Bg3 f4 13.exf4 gxf4 14.Bf2 Nxe5 15.Ngf3 Nd3+
16.Ke2 Be6 17.Qc2 Nxf2 18.Kxf2 Qd6 19.Rhe1 Qc5+ 20.Kf1 a5 21.Re2 a4 22.a3 Ra6
23.e5 Bf5 24.Ne4 Qa5 25.Qd3 Bxe5 26.Qc4+ Be6 27.Qc5 Bg7 28.Rd1 Raa8 29.Kf2 Rf5
30.Qxa5 Raxa5 31.Nd6 Bb3 32.Nxf5 Bxd1 33.Re8+ Kf7 34.Re7+ Kf6 35.Rxg7 Rxf5
36.Rd7 Bxf3 37.Kxf3 Rb5 38.Rxc7 Rxb2 39.Rxh7 Rb3 40.Kxf4 Rxa3 41.Rxb7 Rxc3
42.Rb6+ Kg7 43.Ra6 a3 44.h4 Rc2 45.g4 Rc4+ 46.Kf5 Rc5+ 47.Ke6 Rc4 48.Ra7+ Kg6
49.h5+ Kg5 50.Rxa3 Rxg4 51.Ra5+ Kh6 52.Kf7 Rg5 53.Ra8 Kxh5 54.Kf6 Rg6+ 55.Kf5 Rg5+
56.Kf4 Rg4+ 57.Kf3 Rb4  1/2-1/2

[Event "ch-IND A Women"]
[Site "Calicut IND"]
[Date "2003.11.09"]
[Round "1"]
[White "Koneru,C"]
[Black "Krutika,N"]
[Result "1-0"]
[WhiteElo "2139"]
[BlackElo "2150"]

1.d4 Nf6 2.Bg5 Ne4 3.Bf4 c5 4.f3 Qa5+ 5.c3 Nf6 6.Nd2 cxd4 7.Nb3 Qf5 8.Bxb8 Rxb8
9.Qxd4 b6 10.e4 Qf4 11.Nh3 Qc7 12.e5 Ng8 13.O-O-O e6 14.Ng5 f6 15.exf6 Nxf6
16.Bb5 a6 17.Nxe6 Qa7 18.Ba4 Bc5 19.Nexc5 bxc5 20.Rhe1+ Kf7 21.Nxc5 d5 22.g4 Rd8
23.Ne6 Rd7 24.Bxd7 Qxd7 25.Rd2 h6 26.h4 Qd6 27.Nxg7  1-0

[Event "TCh-SWE 2003-4"]
[Site "Malmo SWE"]
[Date "2003.11.09"]
[Round "1"]
[White "Hall,Je"]
[Black "Jonsson,M"]
[Result "0-1"]
[WhiteElo "2487"]
[BlackElo "2320"]

1.d4 Nf6 2.Bg5 Ne4 3.Bf4 d5 4.f3 Nf6 5.Nc3 e6 6.Qd2 Bb4 7.g4 a6 8.e3 c5 9.a3 Qa5
10.Nge2 cxd4 11.exd4 Nc6 12.h4 h5 13.g5 Nd7 14.Rd1 Be7 15.Bg3 Qd8 16.g6 fxg6
17.Nf4 Nf8 18.Qe3 Kf7 19.Bd3 Bf6 20.Nce2 Ne7 21.c4 b6 22.Kf2 Bb7 23.Nc3 Qd7
24.Rhe1 g5 25.Nh3 gxh4 26.Be5 Neg6 27.Ng5+ Bxg5 28.Qxg5 Qe7 29.Qe3 h3 30.Rg1 Qh4+
31.Bg3 Qf6 32.Rde1 Rd8 33.Ne2 h4 34.Bh2 dxc4 35.Bxc4 Bd5 36.Bxa6 Rh5 37.Bd3 Ne7
38.Be5 Rxe5 39.dxe5 Qxf3+ 40.Qxf3+ Bxf3 41.Kxf3 Rxd3+ 42.Ke4 Rd2 43.Nd4 Rxb2
44.Rgf1+ Ke8 45.Rb1 Rxb1 46.Rxb1 Nd5 47.Rh1 g5 48.Nxe6 Nxe6 49.Kxd5 Ke7 50.Rg1 Nf4+
51.Ke4 Ke6 52.Rb1 Nd5 53.Rc1 g4 54.Rc6+ Kd7 55.Kxd5 h2 56.e6+  0-1

[Event "TCh-SWE 2003-4"]
[Site "Malmo SWE"]
[Date "2003.11.11"]
[Round "3"]
[White "Bellon Lopez,JuM"]
[Black "Winsnes,R"]
[Result "1-0"]
[WhiteElo "2425"]
[BlackElo "2394"]

1.d4 Nf6 2.Bg5 Ne4 3.Bh4 c5 4.f3 g5 5.fxe4 gxh4 6.e3 Qb6 7.Nc3 cxd4 8.Nd5 Qa5+
9.b4 Qd8 10.Qh5 Bg7 11.Nf3 e6 12.Ng5 Rf8 13.Bc4 exd5 14.O-O Qb6 15.Bxd5 dxe3
16.Rxf7 e2+ 17.Kh1 Kd8 18.Ne6+ Qxe6 19.Rxf8+ Bxf8 20.Bxe6 dxe6 21.Qxh4+ Kc7
22.Qf4+ Bd6 23.e5 Be7 24.Qc4+ Kd7 25.c3  1-0

[Event "ch-IND A Women"]
[Site "Calicut IND"]
[Date "2003.11.13"]
[Round "7"]
[White "Koneru,C"]
[Black "Sachdev,T"]
[Result "1/2-1/2"]
[WhiteElo "2139"]
[BlackElo "2218"]

1.d4 Nf6 2.Bg5 Ne4 3.Bf4 c5 4.f3 Qa5+ 5.c3 Nf6 6.Nd2 cxd4 7.Nb3 Qb6 8.Qxd4 Nc6
9.Qxb6 axb6 10.Nd4 Nxd4 11.cxd4 d5 12.e3 Bd7 13.Bd3 e6 14.Ne2 Be7 15.Nc3 Bc6
16.Bc7 Rc8 17.Nb5 Bb4+ 18.Kd1 Ke7 19.Rc1 Nd7 20.Ke2 Bxb5 21.Bxb5 Bd6 22.Bxd6+ Kxd6
23.Rc3 Nb8 24.Rhc1 Nc6 25.Kd2 Rc7 26.Bd3 Rhc8 27.Rb3 Nxd4 28.Rxb6+ Nc6 29.Bb5 Ke7
30.Bxc6 bxc6 31.b4 Ra8 32.Rbxc6 Rxc6 33.Rxc6 Rxa2+ 34.Rc2 Ra3 35.Rc3 Ra2+
36.Rc2 Ra3 37.Rc3  1/2-1/2

[Event "ch-IND A Women"]
[Site "Calicut IND"]
[Date "2003.11.15"]
[Round "10"]
[White "Koneru,C"]
[Black "Karavade,E"]
[Result "0-1"]
[WhiteElo "2139"]
[BlackElo "2211"]

1.d4 Nf6 2.Bg5 Ne4 3.Bf4 c5 4.f3 Qa5+ 5.c3 Nf6 6.Nd2 cxd4 7.Nb3 Qd8 8.cxd4 d5
9.e3 e6 10.Rc1 Nc6 11.Bb5 Bb4+ 12.Kf2 Qb6 13.Bxc6+ bxc6 14.Qc2 Bb7 15.Ne2 O-O
16.g4 Nd7 17.h4 Rfe8 18.Nc5 Bxc5 19.dxc5 Qd8 20.Bg3 e5 21.h5 Ba6 22.Bh4 Qc7
23.Ng3 e4 24.Nf5 Ne5 25.Qc3 exf3 26.Rcg1 Rab8 27.Bg3 f6 28.Bxe5 Qxe5 29.Nd4 Rxb2+
30.Kxf3 Rxa2  0-1

[Event "ch-IND A Women"]
[Site "Calicut IND"]
[Date "2003.11.17"]
[Round "14"]
[White "Koneru,C"]
[Black "Harika,D"]
[Result "0-1"]
[WhiteElo "2139"]
[BlackElo "2353"]

1.d4 Nf6 2.Bg5 Ne4 3.Bf4 c5 4.f3 Qa5+ 5.c3 Nf6 6.Nd2 cxd4 7.Nb3 Qd8 8.cxd4 d5
9.e3 e6 10.Rc1 Nc6 11.Nh3 Bb4+ 12.Kf2 O-O 13.Bb5 Bd7 14.Nc5 Bxc5 15.Rxc5 Re8
16.Bxc6 Bxc6 17.Qc2 Nd7 18.Rc3 e5 19.dxe5 Nxe5 20.Bxe5 Rxe5 21.Rd1 Qh4+ 22.Kf1 Rae8
23.Qf2 Qh6 24.f4 R5e7 25.Kg1 Qh5 26.Rd2 Qf5 27.Qe1 h6 28.Rd1 Re6 29.Rd4 Re4
30.Rcd3 Rxd4 31.Rxd4 Qc2 32.Qd2 Qxd2 33.Rxd2 Rxe3 34.Kf2 Re4 35.g3 f5 36.Ng1 Kf7
37.Ne2 g5 38.Nc3 Re8 39.Rd3 Rd8 40.Ke3 Kf6 41.Kd4 gxf4 42.gxf4 Rg8 43.Rg3 Rg4
44.Ne2 Bb5 45.Rxg4 fxg4 46.Ng3 Bc6 47.a3 Ke6 48.Ke3 Be8 49.Kd4 h5 50.f5+ Kf6
51.Kxd5 h4 52.Nf1 Kxf5 53.Ne3+ Kf4 54.Ng2+ Kg5 55.Ke5 Bc6 56.Ne3 g3 57.hxg3 hxg3
58.b3 g2 59.Nxg2 Bxg2 60.a4 a6 61.Kd6 Kf4 62.Kc5 Ke5 63.b4 Bc6 64.b5 axb5
65.axb5 Bg2  0-1

[Event "TCh-SLO"]
[Site "Celje SLO"]
[Date "2003.11.19"]
[Round "4"]
[White "Serdt,S"]
[Black "Srebrnic,M"]
[Result "1-0"]
[WhiteElo "2228"]
[BlackElo "2224"]

1.d4 Nf6 2.Bg5 Ne4 3.Bh4 d5 4.f3 Nd6 5.Nc3 c6 6.e4 dxe4 7.fxe4 g6 8.Nf3 Bg7
9.Qd2 Bg4 10.O-O-O O-O 11.Qg5 Bxf3 12.gxf3 Re8 13.f4 Nd7 14.f5 Bf6 15.Qh6 e5
16.fxg6 fxg6 17.Bxf6 Qxf6 18.Bh3 Rad8 19.Rhf1 Qe7 20.d5 Nf8 21.Rf3 Nf7 22.Qe3 Qg5
23.Rg1 Qxe3+ 24.Rxe3 Nd6 25.dxc6 bxc6 26.Na4 Ne6 27.Bxe6+ Rxe6  1-0

[Event "TCh-SLO"]
[Site "Celje SLO"]
[Date "2003.11.20"]
[Round "5"]
[White "Serdt,S"]
[Black "Cigan,S"]
[Result "1/2-1/2"]
[WhiteElo "2228"]
[BlackElo "2321"]

1.d4 Nf6 2.Bg5 Ne4 3.Bh4 c5 4.f3 g5 5.fxe4 gxh4 6.e3 Bh6 7.Kf2 Nc6 8.Nf3 d6
9.d5 Ne5 10.Nxe5 dxe5 11.Bb5+ Kf8 12.Qh5 Qb6 13.Rf1 Qg6 14.Qxg6 hxg6 15.h3 Kg7
16.Nd2 f6  1/2-1/2

[Event "Gufeld Memorial"]
[Site "Burbank USA"]
[Date "2003.11.22"]
[Round "1"]
[White "Mikhalevski,V"]
[Black "Matikozian,A"]
[Result "1-0"]
[WhiteElo "2548"]
[BlackElo "2450"]

1.d4 Nf6 2.Bg5 Ne4 3.Bf4 d5 4.e3 e6 5.Bd3 Bd6 6.Nf3 Bxf4 7.exf4 Qd6 8.Nbd2 Qxf4
9.g3 Qd6 10.Nxe4 dxe4 11.Bxe4 Nd7 12.Qe2 Nf6 13.O-O-O Nxe4 14.Qxe4 Qd5 15.Qxd5 exd5
16.Rhe1+ Be6 17.Ng5 Kd7 18.Re5 Rae8 19.Nxe6 fxe6 20.f4 Rhf8 21.Rde1 c6 22.Kd2 Rf5
23.h4 Rxe5 24.Rxe5 b6 25.Ke3 Rf8 26.Rh5 h6 27.g4 Ke7 28.Re5 Kd6 29.f5 Rf6
30.h5 Ke7 31.Kf4 Kf7 32.b4 exf5 33.gxf5 Rd6 34.Re3 Kf6 35.Rg3 Kf7 36.Ke5 Rd7
37.Rg6 Re7+ 38.Re6 Rxe6+ 39.fxe6+ Ke7 40.b5 cxb5 41.Kxd5  1-0

[Event "Open Bali A"]
[Site "Benidorm ESP"]
[Date "2003.11.23"]
[Round "3"]
[White "Rodriguez Gonzalez,J"]
[Black "Martin Martin,Lu"]
[Result "1/2-1/2"]
[WhiteElo "2249"]
[BlackElo "2168"]

1.d4 Nf6 2.Bg5 Ne4 3.Bf4 c5 4.f3 Qa5+ 5.c3 Nf6 6.Nd2 cxd4 7.Nb3 Qb6 8.Qxd4 Nc6
9.Qxb6 axb6 10.Nd4 Nxd4 11.cxd4 Nd5 12.Bd2 e6 13.a3 Nb4 14.Rc1 Nc6 15.e3 d5
16.Bd3 Bd6 17.Ne2 Na5 18.Nc3 Nb3 19.Rc2 Nxd2 20.Kxd2 Bd7 21.Nb5 Bxb5 22.Bxb5+ Ke7
23.Rhc1 e5 24.g3 h5 25.Kd3 f6 26.Re1  1/2-1/2

[Event "Open Bali A"]
[Site "Benidorm ESP"]
[Date "2003.11.23"]
[Round "3"]
[White "Monserrats Castell,J"]
[Black "Lopez Pereyra,A"]
[Result "0-1"]
[WhiteElo "2055"]
[BlackElo "2159"]

1.d4 Nf6 2.Bg5 Ne4 3.Bf4 c5 4.f3 Nf6 5.dxc5 Qa5+ 6.Nc3 Nc6 7.e4 Qxc5 8.Qd2 d6
9.O-O-O Qa5 10.Kb1 g6 11.h4 Bg7 12.Nge2 Bd7 13.Bh6 Bxh6 14.Qxh6 Rc8 15.Qe3 b5
16.f4 Ng4 17.Qf3 b4 18.Rd5 Qb6 19.Nb5 Ne3 20.Nbd4 Nxd5 21.Nxc6 Qxc6 22.Qb3 Nb6
23.Nd4 Qc5 24.Qd3 a5 25.h5 gxh5 26.e5 dxe5 27.fxe5 Qxe5 28.Be2 Bg4 29.Nf3 Bxf3
30.Bxf3 Nc4 31.c3 bxc3 32.Bd1 c2+ 33.Qxc2 Na3+  0-1

[Event "GM"]
[Site "Varazdin CRO"]
[Date "2003.11.25"]
[Round "2"]
[White "Dumpor,A"]
[Black "Topalovic,Z"]
[Result "0-1"]
[WhiteElo "2364"]
[BlackElo "2514"]

1.d4 Nf6 2.Bg5 Ne4 3.Bf4 c5 4.f3 Qa5+ 5.c3 Nf6 6.Nd2 cxd4 7.Nb3 Qb6 8.Qxd4 Nc6
9.Qxb6 axb6 10.Be3 e5 11.Bxb6 d5 12.g3 d4 13.cxd4 Be6 14.Nc5 Nd5 15.Nxe6 fxe6
16.Bc5 exd4 17.Bxf8 Rxf8 18.Nh3 Ne3 19.Kd2 Nc4+ 20.Kc2 b5 21.Ng5 Nb4+ 22.Kb3 Ra4  0-1